• 首页
  • 本馆介绍
  • 公告通知
  • 最新文献
  • 馆藏检索
  • 电子资源
  • 读者导购
  • 参考咨询
  • 我的图书馆
  • 登录
  • 详细信息显示
  • 放入我的书架
  • 预约/预借图书
  • 作者相关作品
  • 分类相关作品
  • 丛书相关作品
  • 出版社相关作品

书目信息

  • 表格格式
  • 工作单格式
  • 卡片格式
题名:
缺失的优雅课
    
 
作者: 郑小薇 著
分册:  
出版信息: 北京   中国文史出版社  2017.01
页数: 257页
开本: 21cm
丛书名:
单 册:
中图分类: B825.5
科图分类:
主题词: 修养--女性读物
电子资源:
ISBN: 978-7-5034-8648-7
000 00971nam0 2200253 450
001 008829478
005 20180906091133.79
010    @a978-7-5034-8648-7@b精装@dCNY39.90
100    @a20170112d2017 em y0chiy50 ea
101 0  @achi
102    @aCN@b110000
105    @ay z 000yy
106    @ar
200 1  @a缺失的优雅课@9que shi de you ya ke@dThe lack of the goodess of class@f郑小薇著@zeng
210    @a北京@c中国文史出版社@d2017.01
215    @a257页@d21cm
330    @a本书从修养与处世哲学、品位生活与习惯养成等方面,帮助女人从内到外的提升自己。文中有很多实际案例和具体操作的讲解,以作者自己的亲身经历举例,亲和又不失说服力,旨在将作者自己的经验分享给女性朋友,鼓励女性朋友主动追寻美,并且更广泛地传播美。
333    @a一般读者
510 1  @aLack of the goodess of class@zeng
606 0  @a修养@j女性读物
690    @aB825.5@v5
701  0 @a郑小薇@9zheng xiao wei@c(女,@f1980-)@4著
801  0 @aCN@bNLC@c20170602
905    @b1086572-76@dB825.5@e1027@f5
    
    缺失的优雅课=The lack of the goodess of class/郑小薇著.-北京:中国文史出版社,2017.01
    257页;21cm
    使用对象:一般读者
    
    ISBN 978-7-5034-8648-7(精装):CNY39.90
    本书从修养与处世哲学、品位生活与习惯养成等方面,帮助女人从内到外的提升自己。文中有很多实际案例和具体操作的讲解,以作者自己的亲身经历举例,亲和又不失说服力,旨在将作者自己的经验分享给女性朋友,鼓励女性朋友主动追寻美,并且更广泛地传播美。
●
相关链接 在E读中查询图书 在五车中查询图书 在当当中查询图书 在豆瓣中查询图书


正题名:缺失的优雅课     索取号:B825.5/1027         预约/预借

序号 登录号 条形码 馆藏地/架位号 状态 备注
1 1086572   210865722   第一样本阅览室/ [索取号:B825.5/1027] 在馆    
2 1086573   210865731   教育系资料室/ [索取号:B825.5/1027] 在馆    
3 1086574   210865740   教育系资料室/ [索取号:B825.5/1027] 在馆    
4 1086575   210865759   第一借阅区/ [索取号:B825.5/1027] 在馆    
5 1086576   210865768   第一借阅区/ [索取号:B825.5/1027] 在馆    
唐山师范学院图书馆 欢迎您!
大连网信软件有限公司© 版权所有